[Event "Manizales Feria op 29th"]
[Site "Manizales"]
[Date "2024.01.05"]
[Round "1"]
[White "Zuluaga, Libaniel"]
[Black "Alvarez Blanco, Jesus Manuel"]
[Result "1-0"]
[WhiteElo "1645"]
[BlackElo "1600"]
[PlyCount "29"]
[EventDate "2024.01.05"]
[EventType "swiss"]
[EventRounds "7"]
[EventCountry "COL"]
[SourceTitle "CB02_2024"]
[SourceDate "2024.01.10"]
[SourceVersion "1"]
[SourceVersionDate "2024.01.10"]
[SourceQuality "1"]

1. e4 e6 2. d4 b6 3. Be3 Nc6 4. Bd3 Bb7 5. Nf3 Nh6 6. h3 d5 7. Nbd2 Qe7 8. c3 g6 9. 0-0 f5 10. Bxh6 Bxh6 11. exd5 exd5 12. Re1 Ne5 13. Rxe5 Bg5 14. Nxg5 Qxe5 15. dxe5 1-0